Návrh kartografického modelu na vizualizáciu dát leteckého laserového skenovania pre potreby dokumentácie kultúrneho dedičstva
Enregistré dans:
| Auteur principal: | |
|---|---|
| Autres auteurs: | |
| Format: | Manuscrit Livre |
| Langue: | slovaque |
| Publié: |
2020
|
| Sujets: | |
| Accès en ligne: | http://is.stuba.sk/zp/portal_zp.pl?podrobnosti=145626 https://opac.crzp.sk/?fn=detailBiblioForm&sid=EAE7EF6B68A1C52648C61246D593 |
| Tags: |
Pas de tags, Soyez le premier à ajouter un tag!
|
MARC
| LEADER | 00000ntm a22000003a 4500 | ||
|---|---|---|---|
| 001 | stuzp73454 | ||
| 003 | SK-STU | ||
| 005 | 20230523082610.8 | ||
| 007 | ta | ||
| 008 | 150427s2015----xo-----f-mn---000-0-slo-d | ||
| 040 | |a STU |b slo | ||
| 041 | 0 | |a slo | |
| 100 | 1 | |a Staníková, Dominika |u 010130 |4 aut |U SvF Stavebná fakulta |T SvF Katedra geodetických základov |X 93573 |U V130 |Y 13 |7 93573 | |
| 242 | 0 | 1 | |a Cartographic visualisation of airborne laser scanning data for documentation of cultural heritage |y eng |
| 245 | 1 | 0 | |a Návrh kartografického modelu na vizualizáciu dát leteckého laserového skenovania pre potreby dokumentácie kultúrneho dedičstva |
| 260 | |c 2020 | ||
| 650 | 4 | |a digitálny model reliéfu |2 slo | |
| 650 | 4 | |a vizualizácia |2 slo | |
| 650 | 4 | |a vizualizačné metódy |2 slo | |
| 650 | 4 | |a klasifikácia terénu |2 slo | |
| 650 | 4 | |a generalizovanie |2 slo | |
| 650 | 4 | |a laserové skenovanie |2 slo | |
| 650 | 4 | |a georeliéf |2 slo | |
| 650 | 4 | |a členitosť terénu |2 slo | |
| 650 | 4 | |a digital relief model |2 eng | |
| 650 | 4 | |a visualization |2 eng | |
| 650 | 4 | |a laser scanning |2 eng | |
| 650 | 4 | |a visualization methods |2 eng | |
| 650 | 4 | |a terrain classification |2 eng | |
| 650 | 4 | |a generalization |2 eng | |
| 650 | 4 | |a georelief |2 eng | |
| 650 | 4 | |a terrain fragmentation |2 eng | |
| 700 | 1 | |a Lieskovský, Tibor |u 010130 |k Z1 |4 ths |U SvF Stavebná fakulta |T SvF Katedra geodetických základov |X 3805 |U V130 |Y 13 |7 A000003805 | |
| 856 | 4 | |u http://is.stuba.sk/zp/portal_zp.pl?podrobnosti=145626 | |
| 856 | 4 | |u https://opac.crzp.sk/?fn=detailBiblioForm&sid=EAE7EF6B68A1C52648C61246D593 | |